A. WESLEY POWELL LEARNING RESOURCE CENTRE (WPLRC)

Wonderful Place to Learn, Research & Collaborate

Cost Sharing in Higher Education Financing : (Record no. 18454)

MARC details
000 -LEADER
fixed length control field 00920nam a22001817a 4500
008 - FIXED-LENGTH DATA ELEMENTS--GENERAL INFORMATION
fixed length control field 220307b |||||||| |||| 00| 0 eng d
022 ## - INTERNATIONAL STANDARD SERIAL NUMBER
International Standard Serial Number 0376-7701
100 ## - MAIN ENTRY--PERSONAL NAME
Relator term Hosein, Roger, Bhoendradatt Teware and Daren Conrad.
245 ## - TITLE STATEMENT
Title Cost Sharing in Higher Education Financing :
Remainder of title A Model for the Caribbean.
Statement of responsibility, etc. Roger Hosein, Bhoendradatt Teware and Daren Conrad.
260 ## - PUBLICATION, DISTRIBUTION, ETC. (IMPRINT)
Place of publication, distribution, etc. Kingston, Jamaica.
Name of publisher, distributor, etc. The University of the West Indies.
Date of publication, distribution, etc. April/September 2017.
300 ## - PHYSICAL DESCRIPTION
Extent 66-94pp.: ill.;
Dimensions 23cm.
310 ## - CURRENT PUBLICATION FREQUENCY
Current publication frequency -----
440 ## - SERIES STATEMENT/ADDED ENTRY--TITLE
Title Caribbean Journal of Education.
Number of part/section of a work Nos. 1&2.
Volume/sequential designation Vol. 39.
500 ## - GENERAL NOTE
General note The Organization of Eastern Caribbean States (OECS) has recognized the importance of developing its human capital base as part of its strategy for sustainable economic development.
521 ## - TARGET AUDIENCE NOTE
Source Copyright. The University of the West Indies.
690 ## - LOCAL SUBJECT ADDED ENTRY--TOPICAL TERM (OCLC, RLIN)
Topical term following geographic name as entry element Sustainable development; Economic development.
942 ## - ADDED ENTRY ELEMENTS (KOHA)
Source of classification or shelving scheme Dewey Decimal Classification
Koha item type Serials
Holdings
Withdrawn status Lost status Source of classification or shelving scheme Damaged status Not for loan Home library Current library Shelving location Date acquired Total Checkouts Date last seen Price effective from Koha item type
    Dewey Decimal Classification     Wesley Powell Learning Resource Centre Wesley Powell Learning Resource Centre On Display 03/07/2022   03/07/2022 03/07/2022 Serials